Estadísticas para Fechas catastróficas

Haz click aquí para intentar la prueba.

Estadísticas generales

  • Esta prueba ha sido intentada 110 veces
  • La puntuación promedio es 14 de 22

Estadísticas de respuestas

HechosAños% Correcto
Segunda guerra Mundial1939
97%
Primera guerra Mundial1914
96%
Covid 192019
96%
Accidente de las torres gemelas2001
93%
"Descubrimiento" de América1492
91%
Hiroshima y Nagazaki1945
91%
Caída del muro de Berlín1989
90%
Aluzinaje del Apolo 111969
84%
La Gran Depresión1929
83%
Holocausto1941
82%
Asesinato de Jhon F Kennedy1963
80%
Accidente de Chernobyl1986
77%
La guerra de Vietnam1964
65%
Guerra de Corea1950
61%
La gripe española1918
57%
Tsunami de Indonesia2004
57%
Caída del Imperio romano476
40%
Inicio de las guerras napoleónicas1799
26%
La segunda Revolución Industrial1870
17%
La Peste negra1347
15%
La guerra de los 1000 días1899
11%
La guerra de los 100 años1337
7%

Distribución de puntuación

Porcentaje por número respondido

Porcentaje de gente con cada puntuación

Historial de tus puntuaciones

No has intentado esta prueba.